000 00515nam a22001817a 4500
999 _c7420
_d7420
003 OSt
005 20260318020003.0
008 211103b ||||| |||| 00| 0 eng d
020 _a9789970983902
040 _cDDC
082 _a646.7 KIG 2018
100 _aHamis Kiggundu.
_915192
245 _aSuccess and Failure based on Reason and Reality
260 _aMakerere Hill Road Kampala, Uganda;
_bHam Enterprises:
_c2018.
300 _a141P.;
_c17cm.
650 _aSuccess and Failure.
_915193
942 _2ddc
_cBOOK
_03